000 00301nam a2200133 i 4500
001 bg
245 0 _aElektronnye i ionnye processy v tverdych telach.
260 _aTbilisi,
_c1974.
040 _cBPK
041 _apol
080 _a538.9
942 _cKS
008 s pl f |000 0 pol
999 _c27933
_d27933
856 _uhttp://koha.tu.koszalin.pl/cgi-bin/koha/opac-detail.pl?biblionumber=27933
_yKatalog online BPK